Το πρόβλημα του μαθήματος της ιστορίας εις τα δημοτικά σχολεία και τα γυμνάσια

Saved in:
Bibliographic Details
Main Author: Βουρβέρης, Κωνσταντίνος Ι., 1899-1979
Format: Book
Language:Greek
Published: Αθήναι : Ελληνική Ανθρωπιστική Εταιρεία , 1970
Edition:2η έκδ., βελτιωμ., επαυξ.
Series:Ελληνική Ανθρωπιστική Εταιρεία-Μελέται και Έρευναι ; ; 8
Subjects:
Tags: Add Tag
No Tags, Be the first to tag this record!

MARC

LEADER 00000nam a2200000 i 4500
001 1/73515
008 961125s1970 gre d
035 |a 1996  |b 3  |c Δωρεά  |l 10031535 
040 |a GR-MY-UA  |b gre  |e aacr 
041 0 |a gre 
082 0 |a 372.89 
100 1 |a Βουρβέρης, Κωνσταντίνος Ι.,   |d 1899-1979. 
245 1 3 |a Το πρόβλημα του μαθήματος της ιστορίας εις τα δημοτικά σχολεία και τα γυμνάσια 
250 |a 2η έκδ., βελτιωμ., επαυξ. 
260 |a Αθήναι :   |b Ελληνική Ανθρωπιστική Εταιρεία ,   |c 1970 
300 |a 164 σ. 
490 1 |a Ελληνική Ανθρωπιστική Εταιρεία-Μελέται και Ερευναι  |v ; 8 
650 0 0 |a History  |x Study and teaching  |z Greece. 
650 0 0 |a History  |x Study and teaching (Elementary)  |z Greece. 
830 0 |a Ελληνική Ανθρωπιστική Εταιρεία-Μελέται και Έρευναι ;  |v ; 8 
852 |a INST  |b RHODES  |e 19961125  |h 372.89 ΒΟΥ  |p 005400006970  |q 005400006970  |t BK  |y 0 
909 |a Ρ  |b 042964  |c 1996 
922 |a 4ΔΩΡ  |b 199611  |c ΔΩΡΕΑ 
970 |z 2000/06/ΟΙΚΟΝΟΜΟΠΟΥΛΟΥ (SUBJECT)